000 00912nam a2200301Ia 4500
001 71982
003 IT-RoPAU
008 130308s9999 xx 000 0 und d
040 _aIT-RoPAU
040 _cIT-RoPAU
041 _aITALIANO
100 _aBertolini Piero
100 _gCodice Aut. SPICS: 9233
245 _aAlcune considerazioni conclusive
245 _bFigli della tv (I)-Una Ricerca su Bambini e Televisione
250 _a1a ed.
260 _aFIRENZE
260 _bLa Nuova Italia
260 _c1988 [1° Ed.:1988 - Ed.Ling.Originale:1988]
300 _a"21 p. (prefazione: no ; testo: 21 [pagine: 191-211])"
500 _aAspetto Quantitativo del Rapporto infanzia Televisione Aspetto Qualitativo della fruizione televisiva Infantile
650 _aSAGGI SULLA TELEVISIONE
650 _eCodice materia Spics: 6961
942 _cBK
957 _71
999 _c57527
_d57527
999 _bSI
999 _g1